Schaum`s Outline of theory and Problem`s of strength of Materials (Record no. 7222)

000 -LEADER
fixed length control field 00544nam a22002057a 4500
001 - CONTROL NUMBER
control field 7222
003 - CONTROL NUMBER IDENTIFIER
control field BD-DhUET
008 - FIXED-LENGTH DATA ELEMENTS--GENERAL INFORMATION
fixed length control field 141207b xxu||||| |||| 00| 0 eng d
020 ## - INTERNATIONAL STANDARD BOOK NUMBER
International Standard Book Number 070458944
040 ## - CATALOGING SOURCE
Original cataloging agency DLC
Transcribing agency DLC
Modifying agency BD-DhUET
082 ## - DEWEY DECIMAL CLASSIFICATION NUMBER
Classification number 620.11
Item number NAS/1972
100 ## - MAIN ENTRY--PERSONAL NAME
Personal name Nash,Willam A.
245 ## - TITLE STATEMENT
Title Schaum`s Outline of theory and Problem`s of strength of Materials
250 ## - EDITION STATEMENT
Edition statement 2nd ed.
260 ## - PUBLICATION, DISTRIBUTION, ETC. (IMPRINT)
Place of publication, distribution, etc. New York
Name of publisher, distributor, etc. Mcgraw - Hill
Date of publication, distribution, etc. 1972
300 ## - PHYSICAL DESCRIPTION
Extent 396 p.
490 ## - SERIES STATEMENT
Series statement Schaum's outline series
650 #0 - SUBJECT ADDED ENTRY--TOPICAL TERM
Topical term or geographic name as entry element Strength of materials
942 ## - ADDED ENTRY ELEMENTS (KOHA)
Koha item type General Book
Holdings
Shelving location Koha normalized classification for sorting Not for loan Piece designation (barcode) Koha issues (times borrowed) Location (home branch) Koha renewals Koha date last seen Koha item type Koha date last borrowed Koha full call number Date acquired Lost status Copy number Withdrawn status Sublocation or collection (holding branch) Damaged status Source of classification or shelving scheme Price effective from
Circulation section620_110000000000000_NAS_1972 301191Central Library, BUET22022-09-12General Book2018-10-27620.11/NAS/19722014-12-07 1 Central Library, BUET  2014-12-07
Circulation section620_110000000000000_NAS_1972 348931Central Library, BUET 2026-05-11General Book2026-05-09620.11/NAS/19722015-01-29 2 Central Library, BUET  2015-01-29
Reading section620_110000000000000_NAS_1972 30114 Central Library, BUET 2015-06-15Reading Item 620.11/NAS/19722015-06-15 3 Central Library, BUET  2015-06-15
Reading section620_110000000000000_NAS_1972 26295 Central Library, BUET 2015-06-16Reading Item 620.11/NAS/19722015-06-16 4 Central Library, BUET  2015-06-16
Reading section620_110000000000000_NAS_1972 26294 Central Library, BUET 2015-06-16Reading Item 620.11/NAS/19722015-06-16 5 Central Library, BUET  2015-06-16
Reading section620_110000000000000_NAS_1972 30128 Central Library, BUET 2015-06-16Reading Item 620.11/NAS/19722015-06-16 6 Central Library, BUET  2015-06-16